00572pab a2200169 454500008004000000100001600040245007200056260000900128300001500137362001300152650002500165650002200190773005600212909001100268999001900279952010400298180718b2015 xxu||||| |||| 00| 0 eng d aRam, Chetan aUrmul Jyoti Sansthan: developing rural India, the participatory way c2015 ap.231-236. aApr- Jun aUrmul Jyoti Sansthan aRural development aJournal of Development Management and Communication a108751 c108746d108746 00104070aIIPAbIIPAd2018-07-19hVolume no: 2, Issue no: 2pAR109211r2018-07-19w2018-07-19yAR